Claves de la historia económica de México : el desempeño de largo plazo, siglos XVI-XXI /

Guardado en:
Bibliografiske detaljer
Hovedforfatter: Márquez, Graciela (coord.)
Format: Bog
Sprog:spansk
Udgivet: México : CONACULTA : Fondo de Cultura Económica, 2014, c2014
Serier:(Biblioteca Mexicana. Historia)
Fag:
Tags: Tilføj Tag
Ingen Tags, Vær først til at tagge denne postø!

MARC

LEADER 00000nam^a2200000^a^4500
001 000350624
005 20250521000000.0
009 20260310114949.395
020 |a 978-607-516-543-1 
020 |a 978-607-16-2008-8 
037 |a Acervo ITESO - Biblioteca 
041 |a ESP 
082 |a 330. 972  |b MAR 
100 |a Márquez, Graciela  |e (coord.) 
245 1 0 |a Claves de la historia económica de México :  |b el desempeño de largo plazo, siglos XVI-XXI /  |c Coord. de G. Márquez. 
264 4 |a México :  |b CONACULTA :  |b Fondo de Cultura Económica,  |c 2014, c2014 
300 |a 233 p. 
336 |a texto  |b txt  |2 rdacontenido 
337 |a sin mediación  |b n  |2 rdamedio 
338 |a volumen  |b nc  |2 rdasoporte 
440 1 |a (Biblioteca Mexicana.  |p Historia) 
649 |a XX 
650 |a Economía -  |z México -  |x Historia -  |y Epoca Colonial, 1517-1821 
650 |a Economía -  |z México -  |x Historia -  |y Siglo XIX 
650 |a Economía -  |z México -  |x Historia -  |y Siglo XX 
650 |a Economía -  |z México -  |x Historia -  |y Siglo XXI 
650 |a Economía -  |z México -  |x Historia -  |x Tema Principal 
650 |a México -  |x Historia -  |y Epoca Colonial, 1517-1821 
650 |a México -  |x Historia -  |y Siglo XIX 
650 |a México -  |x Historia -  |y Siglo XX 
650 |a México -  |x Historia -  |y Siglo XXI 
650 |a México -  |x Condiciones Económicas 
910 |a Fondo General 
920 |a Impresos - Libros 
930 |a Colección General 
905 |a 101 
901 |a 0500241261  |b IT1  |c ACC  |i C142624  |u 20250521 
901 |a 0500241418  |b IT1  |c ACC  |i C145082  |u 20250521 
902 |a https://opac.biblio.iteso.mx/vufind/Record/000350624